The complete guide to option pricing formulas (Registro nro. 240631)

Detalles MARC
000 -ENCABEZADO
Número de control [NR] 00938cam a22002534a 4500
005 - FECHA Y HORA DE LA ÚLTIMA TRANSACCIÓN
control field 20140904084937.0
008 - DE LONGITUD FIJA DE DATOS DE ELEMENTOS - INFORMACIÓN GENERAL
Elementos de longitud fija [NR] 140424s2007 xxuad fr 001 0 eng
020 ## - NUMERO INTERNACIONAL NORMALIZADO PARA LIBROS [R]
Número Internacional Normalizado del libro [NR] 0071477349
020 ## - NUMERO INTERNACIONAL NORMALIZADO PARA LIBROS [R]
Número Internacional Normalizado del libro [NR] 9780071477345
040 ## - FUENTE DE CATALOGACION [NR]
Agencia de catalogación original [NR] CO-BoUCM
Quien Cataloga Jose A. Gerena
Quien Clasifica Jose A. Gerena
Idioma de catalogación [NR] spa
041 ## - CODIGO DE IDIOMA [R]
Código de idioma para texto/pista de sonido o título separado [R] Inglés
100 1# - ASIENTO PRINCIPAL--NOMBRE PERSONAL [NR]
Nombre personal [NR] Haug, Espen Gaarder
ID Autoridad 60170
245 14 - MENCION DE TITULO [NR]
Título [NR] The complete guide to option pricing formulas
Mención de responsabilidad, etc. [NR] Espen Gaarder Haug
250 ## - MENCION DE EDICION [NR]
Mención de edición [NR] 2nd ed
260 ## - PUBLICACION, DISTRIBUCION, ETC. (PIE DE IMPRENTA) [R]
Lugar de publicación, distribución, etc. [R] Nueva York (Estados Unidos)
Nombre del editor, distribuidor, etc. [R] McGraw-Hill
Fecha de publicación, distribución, etc. [R] 2007
300 ## - DESCRIPCION FISICA [R]
Extensión [R] xxxvii, 536 páginas
Otros detalles físicos [NR] ilustraciones, cuadros, gráficas
Material acompañante [NR] 1 CD-ROM
504 ## - NOTA DE BIBLIOGRAFIA, ETC. [R]
Nota de bibliografía, etc. [NR] Incluye referencias bibliográficas e índices
650 #7 - ASIENTO SECUNDARIO DE MATERIA - TERMINO TEMATICO [R]
Término temático o nombre geográfico como elemento de entrada [NR] Opciones (Finanzas)
9 (RLIN) 20754
650 #7 - ASIENTO SECUNDARIO DE MATERIA - TERMINO TEMATICO [R]
Término temático o nombre geográfico como elemento de entrada [NR] Economía financiera
9 (RLIN) 13691
650 #7 - ASIENTO SECUNDARIO DE MATERIA - TERMINO TEMATICO [R]
Término temático o nombre geográfico como elemento de entrada [NR] Administración del portafolio
Subdivisión general [R] Modelos matemáticos
9 (RLIN) 8586
690 ## - ASUNTO AGREGADO LOCAL DE ENTRADA - TÉRMINO TEMÁTICO (OCLC, RLIN)
9 (RLIN) 42795
Acceso temático local Economía
942 ## - ELEMENTOS DE ENTRADA AGREGADOS (KOHA)
Tema principal Economía
Tipo de ítem principal el descrito en 300a Libro de referencia
Edición 2
Parte restante de la signatura top. H371c
Prefijo de la signatura top. (colección) Colección - Referencia
Sistema de clasificación DEWEY
Clasificación 332.0151
Existencias
Total préstamos Signatura topográfica Código de barras Última vez visto Volúmen / Fascículo Ejemplar Costo de reposición Price effective from Tipo de ítem Perdido Sistema de clasificación Dañado No prestable Tipo de ítem específico Suprimido Ubicación habitual Ubicación actual Localización Fecha de creación Proveedor Forma de adquisición Costo Fecha de último préstamo Total Renewals
  R 332.0151 H371c 100141590 03/12/2025 2a.Ed. Ej.1 74200.00 22/04/2014 Libro   DEWEY     Libro   Claustro Claustro Mezanine 22/04/2014 15 Compra 74200.00    
  332.0151 H371c 100141592 10/12/2024 2a.Ed. CD-ROM Ej.1   22/04/2014 Multimedia   DEWEY     CD-Rom   Claustro Claustro Colección digital 22/04/2014   Compra      
2 332.0151 H371c 100141628 03/12/2025 2a.Ed. Ej.3 73900.00 28/04/2014 Libro   DEWEY     Libro   Claustro Claustro Mezanine 28/04/2014 15 Compra 73900.00 15/01/2015 6
  332.0151 H371c 100141627 03/12/2025 2a.Ed. Ej.2 73900.00 28/04/2014 Libro   DEWEY     Libro   Claustro Claustro Mezanine 28/04/2014 15 Compra 73900.00    
  332.0151 H371c 100141649 10/12/2024 2a.Ed. CD-ROM Ej.2   28/04/2014 Multimedia   DEWEY     CD-Rom   Claustro Claustro Colección digital 28/04/2014   Compra      
  332.0151 H371c 100141650 10/12/2024 2a.Ed. CD-ROM Ej.3   28/04/2014 Multimedia   DEWEY     CD-Rom   Claustro Claustro Colección digital 28/04/2014   Compra